MARC

LEADER 00000nam0a2200000 4500
001 94675
005 20231031105732.0
035 |a (RuTPU)RU\TPU\book\101415 
035 |a RU\TPU\book\101414 
090 |a 94675 
100 |a 20060413d1960 k y0rusy50 ca 
101 0 |a rus 
102 |a RU 
105 |a a z 000zy 
200 1 |a Полиэтилен низкого давления  |f под ред. Н. М. Егорова 
205 |a 2-е изд., испр. и доп. 
210 |a Ленинград  |c Госхимиздат  |d 1960 
215 |a 96 с.  |c ил. 
225 1 |a Новые пластические массы 
610 1 |a полиэтилен низкого давления 
610 1 |a полимеризация 
610 1 |a физико-механические свойства 
610 1 |a химическая структура 
610 1 |a диэлектрические свойства 
610 1 |a старение 
610 1 |a литье под давлением 
610 1 |a экструзия 
610 1 |a полиэтиленовая изоляция 
610 1 |a прессование 
610 1 |a наплавление 
610 1 |a пластины 
610 1 |a трубы 
610 1 |a сварка 
610 1 |a листы 
675 |a 679.5  |v 3 
702 1 |a Егоров  |b Н. М.  |4 340 
801 1 |a RU  |b 63413507  |c 20060413  |g PSBO 
801 2 |a RU  |b 63413507  |c 20160620  |g PSBO 
942 |c BK